000 00632nam a2200193Ia 4500
003 GCL
008 140319s9999 xx 000 0 ara d
040 _aGCL /
_cGCL
082 0 4 _a863.03
_bد م
100 1 _aدوليبس، ميجيل
245 1 0 _aالملائكة الابرياء /
_cدوليبس، ميجيل
700 1 _aعلى عبدالرؤوف البمبى (ترجمة)
300 _a197 ص
490 _aالرواية العالمية
_v0
650 0 4 _aالادب العالمى المترجم
650 0 4 _aالادب الاسبانى المترجم
650 0 4 _aالقصص الاسبانية
942 _2ddc
_cBK
999 _c40973
_d40973